Statistiken für Deutscher Rap und Hiphop

Klicken Sie hier um das Quiz zu spielen!

Allgemein

  • Dieses Quiz wurde 584 mal gespielt
  • Das Durchschnittsergebnis liegt bei 16 aus 31

Antwortstatistiken

HinweisAntwort% Korrekt
Selbsternannter BossKollegah
86%
Tier, welches durch die Maske von Cro dargestellt wirdPanda
86%
Song von Bausa, welcher mit "Diamant" ausgezeichnet wurdeWas du Liebe nennst
84%
Rapduo, bestehend aus Juju und NuraSXTN
79%
Erhielt 2011 den Bambi als Vorbild für IntegrationBushido
77%
Albumreihe von Bonez MC und RAF CamoraPalmen aus Plastik
77%
Effekt, welcher unter anderem von Sun Diego oder Ufo361 verwendet wirdAutotune
74%
Musikpreis, der wegen Kollegah und Farid Bang eingestellt wurdeEcho
73%
Russischer Rapper aus Berlin, 2018 mit zwei Nummer-1-AlbenCapital Bra
72%
Majoe ist breiter als der...Türsteher
69%
Mit dieser Stadt verbindet man den Rapper HaftbefehlOffenbach
63%
Geboren am 30.11.80Sido
57%
Label mit Sägeblatt im LogoAggro Berlin
51%
XOXO und Hinterland waren zwei seiner AlbenCasper
50%
Anderer Name von Prinz PornoPrinz Pi
50%
Bekannte Albumreihe von BushidoCarlo Coxxx Nutten
48%
Reggae-Sänger, welcher die Beginner im Song "Ahnma" featuredGentleman
47%
Neben Marteria ein weiteres Pseudonym von Marten LacinyMarsimoto
47%
Soloalbum von Peter FoxStadtaffe
47%
Neben And.Ypsilon, Michi Beck, und Thomas D Teil der Fantastischen VierSmudo
46%
Sein bürgerlicher Name lautet Hüseyin KökseçenKC Rebell
43%
Projekt von Kool Savas und Xavier NaidooXavas
37%
Intro von "JBG3"Sturmmaske auf
36%
Gemeinsames Album von Sido und Bushido23
34%
Label, welches von Eko Fresh gegründet wurdeGerman Dream
33%
Sein Song Prison Break Anthem (Ich glaub’ an dich) erreichte "Gold"Azad
31%
Aus welcher Stadt kommt die KMN-GangDresden
31%
Model bei Nike, stark tätowiert und mehrfach mit "Gold" ausgezeichnetKontra K
30%
Produzent von GenetikkSikk
25%
Sein Name klingt ähnlich wie der eines Kölner Reggae-FestivalsSummer Cem
21%
Bruder von Jerome BoatengBTNG
18%

Verteilung der Resultate

Perzentil nach korrekt beantworteten Fragen

Anzahl Personen mit jedem Resultat

Ihre Resultats-Entwicklung

Sie haben dieses Quiz noch nicht gespielt